El agroturismo desde el paradigma de trabajo en red y la coopetencia (Registro nro. 29105)

Detalles MARC
000 -LEADER
fixed length control field 00404 a2200133 4500
001 - CONTROL NUMBER
control field ART_26213
005 - DATE AND TIME OF LATEST TRANSACTION
control field 20260410161937.0
008 - FIXED-LENGTH DATA ELEMENTS--GENERAL INFORMATION
fixed length control field 260409a
100 1# - MAIN ENTRY--PERSONAL NAME
Personal name Cordisco, Marina
245 10 - TITLE STATEMENT
Title El agroturismo desde el paradigma de trabajo en red y la coopetencia
700 1# - ADDED ENTRY--PERSONAL NAME
Personal name Scoponi, Liliana Marcela
700 1# - ADDED ENTRY--PERSONAL NAME
Personal name Durán, Regina
773 0# - HOST ITEM ENTRY
Title SaberEs
Related parts - Nº 4 (jun. 2012)
Record control number REV26089

No hay ítems disponibles.